[Event "Foment Martinenc op-C 17th"]
[Site "Barcelona"]
[Date "2015.05.09"]
[Round "3"]
[White "Freixa Rofastes, Ernest"]
[Black "Puig Nualart, Adria"]
[Result "1-0"]
[WhiteElo "1762"]
[BlackElo "1832"]
[PlyCount "71"]
[EventDate "2015.04.25"]
[EventType "swiss"]
[EventRounds "9"]
[EventCountry "ESP"]
[SourceTitle "EXT 2017"]
[Source "ChessBase"]
[SourceDate "2016.10.25"]
[SourceVersion "1"]
[SourceVersionDate "2016.10.25"]
[SourceQuality "1"]

1. e4 e5 2. Nf3 Nc6 3. Bc4 Bc5 4. d3 Nf6 5. Nbd2 d6 6. c3 0-0 7. b4 Bb6 8. h3 a6 9. Qc2 Be6 10. Bxe6 fxe6 11. 0-0 d5 12. Re1 Qd6 13. Nf1 d4 14. Bb2 dxc3 15. Bxc3 Nxb4 16. Bxb4 Qxb4 17. Ne3 Qd6 18. Qb3 Nd7 19. Nf5 Qc5 20. Qxe6+ Rf7 21. Rf1 Raf8 22. Ng5 Qc6 23. Ne7+ Kh8 24. Nxc6 Rf6 25. Qxd7 Rxc6 26. Nf7+ Kg8 27. Nxe5 Rd6 28. Qe7 Bd4 29. Nc4 Rdf6 30. Rad1 Rxf2 31. Qe6+ R2f7+ 32. Kh1 Bf6 33. e5 Kh8 34. exf6 gxf6 35. Rf2 Rg7 36. Rxf6 1-0

[Event "Barcelona Sant Marti op-B 4th"]
[Site "Barcelona"]
[Date "2015.02.26"]
[Round "7"]
[White "Freixa Rofastes, Ernest"]
[Black "Ylla Soro, Rafael"]
[Result "0-1"]
[WhiteElo "1796"]
[BlackElo "1881"]
[PlyCount "82"]
[EventDate "2015.01.15"]
[EventType "swiss"]
[EventRounds "9"]
[EventCountry "ESP"]
[SourceTitle "EXT 2016"]
[Source "ChessBase"]
[SourceDate "2015.10.08"]
[SourceVersion "1"]
[SourceVersionDate "2015.10.08"]
[SourceQuality "1"]

1. e4 c5 2. c4 e6 3. g3 Nc6 4. Bg2 Nf6 5. b3 Be7 6. Bb2 0-0 7. Ne2 d5 8. e5 Ng4 9. f4 d4 10. h3 Nh6 11. Bxc6 bxc6 12. d3 Nf5 13. Bc1 a5 14. a4 f6 15. g4 Nh4 16. Nd2 Ng2+ 17. Kf2 Nh4 18. Nf3 Nxf3 19. Kxf3 fxe5 20. Ng3 exf4 21. Ne4 e5 22. Ra2 Rb8 23. Ba3 Qb6 24. Rb2 Bd7 25. Qe1 Rb7 26. h4 Rfb8 27. Nf2 Qd8 28. Qxe5 Bxh4 29. Bxc5 Rxb3 30. Bxd4 Bf6 31. Qh5 Bxd4 32. Qxh7+ Kf7 33. Qh5+ g6 34. Qh7+ Bg7 35. Rxb3 Rxb3 36. Ne4 Rxd3+ 37. Kg2 Qe7 38. Nf2 Rd2 39. Qh2 Qe4+ 40. Kf1 Qe2+ 41. Kg1 Qe1+ 0-1

[Event "Mataro op 11th"]
[Site "Mataro"]
[Date "2014.11.08"]
[Round "7"]
[White "Freixa Rofastes, Ernest"]
[Black "Simon Riera, Josep"]
[Result "1-0"]
[WhiteElo "1731"]
[BlackElo "1792"]
[PlyCount "69"]
[EventDate "2014.09.27"]
[EventType "swiss"]
[EventRounds "9"]
[EventCountry "ESP"]
[SourceTitle "EXT 2016"]
[Source "ChessBase"]
[SourceDate "2015.10.08"]
[SourceVersion "1"]
[SourceVersionDate "2015.10.08"]
[SourceQuality "1"]

1. e4 d6 2. Nf3 g6 3. d3 Bg7 4. c3 Nf6 5. h3 c5 6. Be2 Nc6 7. Nbd2 Bd7 8. a3 0-0 9. Nf1 Qc7 10. Ng3 b5 11. Bd2 a5 12. Qc1 Qb7 13. Bh6 b4 14. Bxg7 Kxg7 15. 0-0 e5 16. Nf5+ Bxf5 17. exf5 Ne7 18. Nh4 Rac8 19. Re1 h6 20. g4 g5 21. Ng2 Kh7 22. h4 Rg8 23. hxg5 Rxg5 24. f4 exf4 25. Qxf4 Rcg8 26. Bf3 Ned5 27. Qxd6 bxc3 28. Qxf6 Rxg4 29. Re2 Rg3 30. Be4 Rxd3 31. Qh4 f6 32. Bxd3 Nf4 33. Qxf4 cxb2 34. Rb1 Qd5 35. Re7+ 1-0

[Event "Mataro op 11th"]
[Site "Mataro"]
[Date "2014.11.01"]
[Round "6"]
[White "Lozano Barrera, Emilio"]
[Black "Freixa Rofastes, Ernest"]
[Result "0-1"]
[WhiteElo "1700"]
[BlackElo "1731"]
[PlyCount "48"]
[EventDate "2014.09.27"]
[EventType "swiss"]
[EventRounds "9"]
[EventCountry "ESP"]
[SourceTitle "EXT 2016"]
[Source "ChessBase"]
[SourceDate "2015.10.08"]
[SourceVersion "1"]
[SourceVersionDate "2015.10.08"]
[SourceQuality "1"]

1. e4 e5 2. Nf3 d6 3. d4 Nd7 4. Be3 Be7 5. Nc3 c6 6. d5 Ngf6 7. Bd3 Nf8 8. h3 Ng6 9. Qd2 h6 10. Ne2 cxd5 11. exd5 e4 12. Bb5+ Bd7 13. Bxd7+ Nxd7 14. Nfd4 Nf6 15. c4 Ne5 16. 0-0 Nxc4 17. Qc1 Rc8 18. Bd2 Nxd5 19. Bc3 0-0 20. Nf4 Bg5 21. g3 Bxf4 22. gxf4 Qh4 23. Kh2 Nxf4 24. Qe1 Qxh3+ 0-1

[Event "Mataro op 11th"]
[Site "Mataro"]
[Date "2014.10.04"]
[Round "2"]
[White "Freixa Rofastes, Ernest"]
[Black "Aparicio Escudero, Hector F"]
[Result "0-1"]
[WhiteElo "1731"]
[BlackElo "1915"]
[PlyCount "76"]
[EventDate "2014.09.27"]
[EventType "swiss"]
[EventRounds "9"]
[EventCountry "ESP"]
[SourceTitle "EXT 2016"]
[Source "ChessBase"]
[SourceDate "2015.10.08"]
[SourceVersion "1"]
[SourceVersionDate "2015.10.08"]
[SourceQuality "1"]

1. e4 c5 2. c4 Nc6 3. g3 Nf6 4. Bg2 d6 5. b3 Bg4 6. Qc2 Nd4 7. Qd3 e5 8. Nc3 Be7 9. Bb2 0-0 10. h3 Bd7 11. Nge2 Re8 12. f4 exf4 13. Nxf4 Bc6 14. 0-0-0 Bf8 15. Rde1 Qa5 16. g4 b5 17. Kb1 bxc4 18. Qxc4 Rab8 19. Qd3 Bb5 20. Nxb5 Nxb5 21. Bxf6 gxf6 22. Nd5 Bg7 23. Rhf1 Na3+ 24. Kc1 c4 25. Nxf6+ Bxf6 26. Qf3 cxb3 27. Qxf6 b2+ 28. Kd1 b1Q+ 29. Ke2 Rxe4+ 30. Bxe4 Qxe4+ 31. Kf2 Qxd2+ 32. Kg3 Qdg2+ 33. Kh4 Qg6 34. Qxg6+ fxg6 35. Rg1 Qf2+ 36. Kg5 Kg7 37. Re7+ Kf8 38. Rge1 Rb5+ 0-1

[Event "Foment Martinenc op-C 16th"]
[Site "Barcelona"]
[Date "2014.05.17"]
[Round "4"]
[White "Martin Palau, Roger"]
[Black "Freixa Rofastes, Ernest"]
[Result "0-1"]
[WhiteElo "1789"]
[BlackElo "1736"]
[PlyCount "108"]
[EventDate "2014.04.26"]
[EventType "swiss"]
[EventRounds "9"]
[EventCountry "ESP"]
[SourceTitle "EXT 2015"]
[Source "ChessBase"]
[SourceDate "2014.11.20"]
[SourceVersion "1"]
[SourceVersionDate "2014.11.20"]
[SourceQuality "1"]

1. d4 Nf6 2. c4 g6 3. Nc3 c6 4. e4 d6 5. Nf3 Bg7 6. Be2 b6 7. 0-0 Na6 8. e5 Ng8 9. Bf4 Bf8 10. Qa4 Bb7 11. Rfe1 e6 12. Rad1 Qc7 13. d5 Nc5 14. exd6 Nxa4 15. dxc7 Nxc3 16. bxc3 Bg7 17. d6 Bc8 18. Rd3 Bd7 19. Rb1 f6 20. c5 b5 21. c4 a6 22. cxb5 axb5 23. Rbb3 Rxa2 24. Ra3 Rxa3 25. Rxa3 Bc8 26. Bxb5 Kd7 27. Ba6 Nh6 28. h3 g5 29. Bg3 Nf5 30. Bh2 Nh6 31. g4 Nf7 32. Bc4 Re8 33. Nd4 h6 34. Kf1 Nh8 35. Nb5 f5 36. Ra8 f4 37. Bd3 Rf8 38. Na7 Bd4 39. Nxc8 Rxc8 40. Ra5 Nf7 41. f3 Ne5 42. Be4 Nc4 43. Rb5 Nd2+ 44. Ke2 Nxe4 45. fxe4 cxb5 46. Kd3 Bxc5 47. e5 Bb6 48. h4 Ra8 49. Kc3 Ra2 50. hxg5 hxg5 51. Kb4 Rxh2 52. Kxb5 Rb2+ 53. Ka6 Be3 54. Ka5 f3 0-1

[Event "Foment Martinenc op-C 16th"]
[Site "Barcelona"]
[Date "2014.05.03"]
[Round "2"]
[White "Shih Gould, Danny"]
[Black "Freixa Rofastes, Ernest"]
[Result "1-0"]
[WhiteElo "1805"]
[BlackElo "1736"]
[PlyCount "99"]
[EventDate "2014.04.26"]
[EventType "swiss"]
[EventRounds "9"]
[EventCountry "ESP"]
[SourceTitle "EXT 2015"]
[Source "ChessBase"]
[SourceDate "2014.11.20"]
[SourceVersion "1"]
[SourceVersionDate "2014.11.20"]
[SourceQuality "1"]

1. c4 d6 2. Nc3 c6 3. g3 g6 4. Bg2 e5 5. e3 Bg7 6. Nge2 Nf6 7. 0-0 Nbd7 8. b3 Qc7 9. Bb2 b6 10. d4 0-0 11. Nb5 cxb5 12. Bxa8 bxc4 13. Bg2 cxb3 14. axb3 e4 15. Nc3 d5 16. Nb5 Qd8 17. Rxa7 Nb8 18. Ra1 h5 19. Re1 Nh7 20. Ba3 Re8 21. Nd6 Bg4 22. Qc2 Re7 23. Nb5 Rd7 24. Rec1 Rb7 25. h3 Bd7 26. Nc3 Rc7 27. Qb2 Be6 28. Na4 Rxc1+ 29. Rxc1 Ng5 30. h4 Nh3+ 31. Kh2 Qf6 32. Bxh3 Bxh3 33. Kxh3 Qf5+ 34. Kh2 Nd7 35. Qe2 Nf6 36. Be7 Ng4+ 37. Kg2 Qe6 38. Bg5 f6 39. Bf4 Bf8 40. Qa6 g5 41. hxg5 Qf5 42. gxf6 Nxf6 43. Rc8 Qg4 44. Rc6 Qf3+ 45. Kg1 Qd1+ 46. Qf1 Qxb3 47. Rxf6 Qxa4 48. Qh3 Qd1+ 49. Kh2 Qf3 50. Qe6+ 1-0

[Event "Barcelona Sant Marti op-B 15th"]
[Site "Barcelona"]
[Date "2013.07.20"]
[Round "8"]
[White "Aunes Cabanero, Jose"]
[Black "Freixa Rofastes, Ernest"]
[Result "1-0"]
[WhiteElo "1565"]
[BlackElo "1455"]
[PlyCount "101"]
[EventDate "2013.07.13"]
[EventType "swiss"]
[EventRounds "9"]
[EventCountry "ESP"]
[SourceTitle "CBM 155 Extra"]
[Source "ChessBase"]
[SourceDate "2013.08.26"]
[SourceVersion "1"]
[SourceVersionDate "2013.08.26"]
[SourceQuality "1"]

1. e4 e5 2. Nf3 Nc6 3. Bc4 Be7 4. 0-0 Nf6 5. Re1 0-0 6. c3 d6 7. h3 h6 8. d4 Bd7 9. Nbd2 Re8 10. Nf1 Bf8 11. Ng3 Nh7 12. b4 a6 13. a4 Qf6 14. Be3 Rad8 15. b5 Na5 16. Bf1 Bc8 17. bxa6 bxa6 18. Rb1 Bb7 19. d5 Rc8 20. c4 c6 21. Bb6 Nxc4 22. Bxc4 cxd5 23. Bxd5 Bc6 24. Bxc6 Rxc6 25. a5 Rec8 26. Qd5 Qg6 27. Qd3 Rc3 28. Qxa6 Nf6 29. Be3 Nd7 30. Qb7 R3c7 31. Qb5 Rb8 32. Qa4 d5 33. Rxb8 Nxb8 34. Nxe5 Qf6 35. Ng4 Qe6 36. Bb6 Rc4 37. Qd1 dxe4 38. Be3 f5 39. Qb3 fxg4 40. hxg4 Na6 41. Kh2 Nc5 42. Bxc5 Bxc5 43. Rc1 Rxc1 44. Qxe6+ Kh7 45. Qxe4+ Kh8 46. a6 Bxf2 47. Ne2 Re1 48. Qf3 Ba7 49. Qa8+ Kh7 50. Qxa7 Rxe2 51. Qb7 1-0

[Event "Barcelona Sant Marti op-B 15th"]
[Site "Barcelona"]
[Date "2013.07.18"]
[Round "6"]
[White "Santolaria Sanz, Xavier"]
[Black "Freixa Rofastes, Ernest"]
[Result "1-0"]
[WhiteElo "1624"]
[BlackElo "1455"]
[PlyCount "81"]
[EventDate "2013.07.13"]
[EventType "swiss"]
[EventRounds "9"]
[EventCountry "ESP"]
[SourceTitle "CBM 155 Extra"]
[Source "ChessBase"]
[SourceDate "2013.08.26"]
[SourceVersion "1"]
[SourceVersionDate "2013.08.26"]
[SourceQuality "1"]

1. e4 e5 2. Nf3 Nc6 3. Bc4 Be7 4. 0-0 Nf6 5. Re1 a6 6. c3 b5 7. Bd5 Bb7 8. d4 exd4 9. Nxd4 Nxd5 10. Nxc6 Bxc6 11. exd5 Bb7 12. d6 cxd6 13. Qxd6 h6 14. Qg3 Kf8 15. Bf4 Bh4 16. Bd6+ Kg8 17. Qd3 Qf6 18. g3 Qg5 19. Kf1 Qg4 20. gxh4 Bg2+ 21. Kg1 Bf3+ 22. Bg3 f5 23. Nd2 Bc6 24. f3 Qg6 25. Re5 Rf8 26. f4 Kh7 27. Rae1 Rf6 28. Nf1 Rhf8 29. Ne3 d6 30. Re7 h5 31. Nd5 R6f7 32. R7e6 Rf6 33. Nxf6+ Rxf6 34. Qxd6 Be4 35. Rxf6 gxf6 36. Qe7+ Kh6 37. Qf8+ Kh7 38. Rd1 Bc6 39. Rd8 Qg7 40. Qxg7+ Kxg7 41. Rd6 1-0

[Event "Barcelona Sant Marti op-B 15th"]
[Site "Barcelona"]
[Date "2013.07.14"]
[Round "2"]
[White "Sanchez Paz, Josep"]
[Black "Freixa Rofastes, Ernest"]
[Result "1-0"]
[WhiteElo "1710"]
[BlackElo "1455"]
[PlyCount "123"]
[EventDate "2013.07.13"]
[EventType "swiss"]
[EventRounds "9"]
[EventCountry "ESP"]
[SourceTitle "CBM 155 Extra"]
[Source "ChessBase"]
[SourceDate "2013.08.26"]
[SourceVersion "1"]
[SourceVersionDate "2013.08.26"]
[SourceQuality "1"]

1. d4 Nf6 2. c4 g6 3. Nc3 Bg7 4. e4 d6 5. f4 e6 6. Be2 d5 7. e5 Ne4 8. Nxe4 dxe4 9. Be3 c6 10. Qc2 0-0 11. Qxe4 Nd7 12. Nf3 Rb8 13. 0-0 f5 14. Qc2 Re8 15. Rad1 Nf8 16. Qb3 Qe7 17. d5 exd5 18. cxd5 cxd5 19. Qxd5+ Be6 20. Qa5 b6 21. Qa4 h6 22. Rd6 Red8 23. Rfd1 Rxd6 24. Rxd6 Kh7 25. Nd4 Re8 26. Bb5 Qh4 27. Bf2 Qxf4 28. Nxe6 Qxa4 29. Nxf8+ Rxf8 30. Bxa4 Bxe5 31. Rd7+ Kh8 32. Rxa7 Bxb2 33. Bxb6 Rc8 34. Rc7 Bd4+ 35. Kf1 Rxc7 36. Bxc7 Kg7 37. Bb3 Kf6 38. Ke2 h5 39. a4 g5 40. a5 Ba7 41. Bb6 Bb8 42. a6 g4 43. a7 Bxa7 44. Bxa7 f4 45. Bb8 Kg5 46. Bc2 h4 47. Bc7 h3 48. gxh3 gxh3 49. Kf3 Kh4 50. Kxf4 Kh5 51. Bf5 Kh4 52. Bd8+ Kh5 53. Bxh3 Kh6 54. Bg5+ Kg6 55. Bf5+ Kh5 56. Bg4+ Kg6 57. h4 Kh7 58. h5 Kg7 59. Bf5 Kg8 60. Bf6 Kf7 61. Ke5 Kg8 62. h6 1-0

[Event "Maresme op 9th"]
[Site "Maresme"]
[Date "2012.11.17"]
[Round "8"]
[White "Freixa Rofastes, Ernest"]
[Black "Bertran Cequiel, Jordi"]
[Result "1-0"]
[WhiteElo "1709"]
[BlackElo "1878"]
[PlyCount "79"]
[EventDate "2012.09.29"]
[EventType "swiss"]
[EventRounds "9"]
[EventCountry "ESP"]
[SourceTitle "EXT 2014"]
[Source "ChessBase"]
[SourceDate "2013.11.20"]
[SourceVersion "1"]
[SourceVersionDate "2013.11.20"]
[SourceQuality "1"]

1. e4 c6 2. d4 d5 3. e5 Bf5 4. Nf3 e6 5. a3 c5 6. c3 Nc6 7. Bb5 Qb6 8. Be2 Nge7 9. b4 cxb4 10. cxb4 Ng6 11. h3 Be7 12. Be3 0-0 13. Nc3 Nh4 14. 0-0 Rfc8 15. Na4 Qd8 16. g3 Nxf3+ 17. Bxf3 Bxh3 18. Bg2 Bf5 19. g4 Bg6 20. f4 f5 21. Ra2 Rc7 22. Nc5 Qc8 23. Bf3 b6 24. Nd3 Qa6 25. Be2 fxg4 26. Nc5 Qc8 27. Ba6 Qb8 28. Nxe6 Bf5 29. Nxc7 Qxc7 30. Be2 Qd7 31. Bd3 g6 32. Rg2 Nd8 33. Bxf5 gxf5 34. Rf3 h5 35. Rh3 h4 36. Bf2 g3 37. Be1 Ne6 38. Bxg3 Rf8 39. Bxh4+ Ng7 40. Qh5 1-0

[Event "Maresme op 9th"]
[Site "Maresme"]
[Date "2012.10.06"]
[Round "2"]
[White "Freixa Rofastes, Ernest"]
[Black "Novell Andinyac, Miquel"]
[Result "0-1"]
[WhiteElo "1709"]
[BlackElo "1811"]
[PlyCount "96"]
[EventDate "2012.09.29"]
[EventType "swiss"]
[EventRounds "9"]
[EventCountry "ESP"]
[SourceTitle "EXT 2014"]
[Source "ChessBase"]
[SourceDate "2013.11.20"]
[SourceVersion "1"]
[SourceVersionDate "2013.11.20"]
[SourceQuality "1"]

1. e4 e5 2. Nf3 Nf6 3. Nc3 Nc6 4. Bb5 d6 5. Bxc6+ bxc6 6. d3 Be7 7. h3 0-0 8. b3 Bb7 9. d4 exd4 10. Nxd4 c5 11. Nf3 Nxe4 12. Bb2 Bf6 13. Qd3 Nxc3 14. Bxc3 Re8+ 15. Kf1 Be4 16. Qd2 Bxf3 17. gxf3 Bg5 18. f4 Bh6 19. Kg2 Qh4 20. Kf3 Re6 21. Rag1 Qh5+ 22. Kg2 Rg6+ 23. Kh2 Rxg1 24. Rxg1 Qf3 25. Rg4 Re8 26. Bxg7 Bxg7 27. Rg3 Re2 28. Rxf3 Rxd2 29. Kg2 Rxc2 30. a4 d5 31. f5 f6 32. h4 d4 33. Rg3 Rc3 34. Rg4 d3 35. Re4 Kf7 36. Kf3 Rxb3 37. a5 Rb4 38. Re6 d2 39. Ke2 Rd4 40. Kd1 Rd6 41. Re3 Bh6 42. Rc3 Rd5 43. Rb3 Rxf5 44. Rb7 Rxf2 45. Rxc7+ Kg6 46. h5+ Kxh5 47. Rd7 Rf1+ 48. Kc2 Rc1+ 0-1